Tracker February 2015 (Record no. 84616)
[ view plain ]
| 000 -LEADER | |
|---|---|
| fixed length control field | 00566cab a22001815a 4500 |
| 001 - CONTROL NUMBER | |
| control field | L158518 |
| 008 - FIXED-LENGTH DATA ELEMENTS--GENERAL INFORMATION | |
| fixed length control field | 150413e2015 xxk 000 0 eng d |
| 035 ## - SYSTEM CONTROL NUMBER | |
| System control number | (Sirsi) u158518 |
| 041 0# - LANGUAGE CODE | |
| Language code of text/sound track or separate title | eng |
| 110 2# - MAIN ENTRY--CORPORATE NAME | |
| Corporate name or jurisdiction name as entry element | Experian Economics |
| 9 (RLIN) | 5977 |
| 245 00 - TITLE STATEMENT | |
| Title | Tracker February 2015 |
| 490 ## - SERIES STATEMENT | |
| Series statement | Building |
| Volume/sequential designation | 280(8868) 2 April 2015, 46-49 (4) |
| 520 ## - SUMMARY, ETC. | |
| Summary, etc. | Experian Economics survey of the construction sector in the UK in February 2015. |
| 650 24 - SUBJECT ADDED ENTRY--TOPICAL TERM | |
| Topical term or geographic name entry element | EXPERIAN CONSTRUCTION INDUSTRY FOCUS |
| 651 #4 - SUBJECT ADDED ENTRY--GEOGRAPHIC NAME | |
| Geographic name | United Kingdom |
| Chronological subdivision | |
| 690 ## - LOCAL SUBJECT ADDED ENTRY--TOPICAL TERM (OCLC, RLIN) | |
| Topical term or geographic name as entry element | Construction management |
| 9 (RLIN) | 6230 |
| 942 ## - ADDED ENTRY ELEMENTS (KOHA) | |
| Suppress in OPAC | 0 |
| Withdrawn status | Lost status | Source of classification or shelving scheme | Damaged status | Not for loan | Home library | Current library | Shelving location | Date acquired | Total Checkouts | Full call number | Barcode | Date last seen | Copy number | Price effective from | Koha item type |
|---|---|---|---|---|---|---|---|---|---|---|---|---|---|---|---|
| Dewey Decimal Classification | London | London | Journals | 13/04/2015 | L158518 | 158518-1001 | 06/08/2019 | 1 | 06/08/2019 | Journal article |